Statistics for Geography Trivia!

Click here to take the quiz!

General Stats

  • This quiz has been taken 251 times
    (124 since last reset)
  • The average score is 12 of 20

Answer Stats

HintAnswer% Correct
Peninsula on which Spain is locatedIberian Peninsula
90%
Capital City of Saudi ArabiaRiyadh
84%
Biggest City in New ZealandAuckland
81%
Island Group claimed by Argentina and the UKFalkland Islands
81%
Only Country without a Four-sided FlagNepal
79%
Island Named after Abel TasmanTasmania
79%
Sea that Slovenia BordersAdriatic Sea
78%
Largest Japanese IslandHonshu
77%
Tallest Volcano in EuropeMount Etna
77%
Longest River in AsiaYangtze
75%
Largest City in VietnamHo Chi Minh City
72%
Largest Island that is also an independent CountryMadagascar
70%
Largest Lake in South AmericaLake Titicaca
69%
Country called Letzebuerg by the NativesLuxembourg
54%
Where Moses received the 10 CommandmentsSinai
37%
Mountain Range running down ItalyApennine Mountains
35%
Largest Settlement on CorsicaAjaccio
31%
Highest Mountain in the Continental USAMount Whitney
29%
Two UN Observer StatesPalestine and Vatican City
25%
Two UK-controlled parts of CyprusAkrotiri and Dhekelia
8%

Score Distribution

Percentile by Number Answered

Percent of People with Each Score

Your Score History

You have not taken this quiz since the last reset